| 000 | 00481nam a2200157 a 4500 | ||
|---|---|---|---|
| 001 | 3746 | ||
| 003 | CDMR | ||
| 005 | 20130918130506.0 | ||
| 008 | 130130s2000||||||||||||||||||||||||||||d | ||
| 040 |
_aCDMR _bcat _cCPC GIRONA |
||
| 100 | 1 |
_aOliveras, Jordi _92662 |
|
| 245 | 1 | 0 |
_aViles, pagesos i senyors a la Catalunya dels Àustria _bConflictivitat social i litigació a la Reial Audiència (1591-1662) _cOliveras, Jordi |
| 260 |
_c2000 _bPagès |
||
| 490 | 0 | _aSeminari | |
| 942 |
_cMON _2udc |
||
| 999 |
_c3746 _d3746 |
||